000 00736cam a22002533a 4500
001 22682
003 PGUSA
005 20140828083501.0
008 070920s2007||||xxu|||||s|||||000 | eng d
040 _aPGUSA
_beng
042 _adc
050 4 _aDD
100 1 _aSpivak, John L.
_q(John Louis),
_d1897-1981
245 1 0 _aSecret Armies :
_bThe New Technique of Nazi Warfare
_h[electronic resource] /
_cJohn L. Spivak
260 _bProject Gutenberg,
_c2007
506 _aPublic domain in the USA.
516 _aElectronic text
653 _aSecret service -- Germany
653 _aFascism
653 _aPropaganda, German
830 0 _aProject Gutenberg
_v22682
856 4 0 _uhttp://www.gutenberg.org/ebooks/22682
942 _cEB
999 _c251937
_d251937